Countries Where Halloween is a Major Holiday - Sudden Death - Statistics

General Stats
  • This quiz has been taken 75 times
  • The average score is 4 of 18
Answers on the Grid
Answers color-coded by a green-red scale on the quiz's grid according to % correct below.
Argentina
Australia
Belarus
Brazil
Canada
China
Cuba
Denmark
Finland
Germany
Greece
Iceland
India
Indonesia
Ireland
Israel
Italy
Japan
Liberia
Luxembourg
Malaysia
Mexico
New Zealand
Norway
Panama
Philippines
Poland
Romania
Russia
Singapore
Spain
Sweden
Taiwan
Turkey
United Kingdom
United States
 
Answer Stats
Answer % Correct
United States
83%
United Kingdom
69%
Australia
48%
Canada
38%
Germany
27%
Ireland
23%
New Zealand
21%
Norway
17%
Sweden
15%
Italy
8%
Japan
8%
China
6%
Poland
6%
Greece
4%
Philippines
4%
Romania
4%
Russia
4%
Singapore
4%
No matching quizzes found
Score Distribution
Percent of People with Each Score
Percentile by Number Answered
Your Score History
You have not taken this quiz